| 000 | 00897cam a22002294a 4500 | ||
|---|---|---|---|
| 003 | OSt | ||
| 005 | 20221213105244.0 | ||
| 008 | 990201s1999 enka b 001 0 eng | ||
| 020 | _a0198290853 | ||
| 040 |
_aDLC _cCO-JMCR |
||
| 041 | 0 | _aeng | |
| 082 | 0 | 4 |
_a352.45 / _bM678p _223 |
| 100 | 1 |
_aMissale, Alessandro, _eautor _941890 |
|
| 245 | 1 | 0 |
_aPublic debt management / _cAlessandro Missale |
| 260 |
_aNew York : _bOxford University Press, _c1999. |
||
| 300 |
_aix, 309 páginas : _bilustraciones y gráficos a blanco y negro ; _c24 cm. |
||
| 500 | _aIncluye índice | ||
| 504 | _aBibliografía: páginas 299-304 | ||
| 505 | 0 | _aPolicy issues -- The effects of debt management -- How should the public debt be managed? -- Debt composition and debt maturity: the evidence -- Minimizing risk -- Minimizing cost -- Policy conclusions | |
| 650 | 1 | 4 |
_aDeuda pública _91104 _zOECD |
| 942 |
_2ddc _cBK |
||
| 999 |
_c12817 _d12817 |
||